| 000 | 00664nam a2200193 4500 | ||
|---|---|---|---|
| 999 |
_c171909 _d171909 |
||
| 005 | 20200123121840.0 | ||
| 010 | _aENG-127524 | ||
| 020 |
_c1395.00 _a9789382730576 |
||
| 035 | _aEN-111056 | ||
| 037 | _bDBAD/PUB | ||
| 082 | _a954.41 | ||
| 100 | _aJoshi,Radhakrishna L. | ||
| 245 |
_aHistory of Modern Maharashtra 1818 AD to 1960 AD/ _cby Radhakrishna L. Joshi [and] Gatti Ganpat Vishnu |
||
| 260 |
_aKanpur _bGarima Prakashan _c2017 |
||
| 270 |
_a1st floor, Mayur Park, Basant Vihar Naubasta _bKanpur _e208021 |
||
| 300 |
_aviii;324p. _c22cm(pbk) |
||
| 500 | _aincludes bibliographical references and index | ||
| 942 |
_2ddc _cEN _h954.41 _mJOS |
||